| 000 | 00926nam2a2200253 4500 | ||
|---|---|---|---|
| 001 | RU\NLR\bibl\1521097 | ||
| 005 | 20250616030741.0 | ||
| 010 |
_a978-5-88503-928-4 _93000 |
||
| 021 |
_aRU _b2010-33013 _92208 |
||
| 035 | _a(NLR Aleph) 001512459 | ||
| 090 |
_a89185 _c89185 |
||
| 100 | _a20100608d2010 |||y0rusy50 ca | ||
| 101 | 0 | _arus | |
| 102 | _aRU | ||
| 105 | _aa z ||||| | ||
| 200 | 1 | _aПисьма из прошлого века (от "кинутых" в 90-е годы) | |
| 210 |
_d2010 _aБ. м. |
||
| 215 |
_a650, [1] с. _cил. |
||
| 461 | 0 |
_1001RU\NLR\bibl\1318757 _12001#$aВам письма многое расскажут$vКн. 2 _9638008 _aСвищева, Т. Я. (1938-) _cМосква _d2008 _fТ.Я. Свищева _nДиля _tВам письма многое расскажут _vКн. 2 |
|
| 801 | 0 |
_aRU _bNLR _c20100608 _gRCR |
|
| 801 | 1 |
_aRU _bNLR _c20100608 |
|
| 942 | _cBOOK | ||
| 980 | _aNB | ||